All India Major Criminal Acts (Record no. 511308)

000 -LEADER
fixed length control field 00362nam a22000977a 4500
082 ## - DEWEY DECIMAL CLASSIFICATION NUMBER
Classification number H52x54 A151
245 ## - TITLE STATEMENT
Title All India Major Criminal Acts
Remainder of title Criminal Procedure Code As Amended Up to Date Indian Penal Code As Amended Up to Date Indian Evidence(Amended Up to Date)
260 ## - PUBLICATION, DISTRIBUTION, ETC. (IMPRINT)
Place of publication, distribution, etc Allahabad
Name of publisher, distributor, etc Allahabad Law Agency
300 ## - PHYSICAL DESCRIPTION
Extent 42p.
650 ## - SUBJECT ADDED ENTRY--TOPICAL TERM
Topical term or geographic name as entry element Most Frequent
9 (RLIN) 10936
Holdings
Withdrawn status Lost status Source of classification or shelving scheme Damaged status Koha normalized classification for sorting Not for loan Permanent location Current location Date acquired Full call number Barcode Date last seen Price effective from Koha item type
        H_52X54_A151   Indian Institute of Public Administration Indian Institute of Public Administration 2019-09-17 H52x54 A151 GR21671 2019-09-17 2019-09-17 GR

Powered by Koha